000 01300nam a22003257i 4500
999 _c22772
_d22772
003 AR-CdUCM
008 240130b20212021pe ||||| |||| 00| 0 spa d
020 _a978-612-4392-48-1
040 _aMUNICIPALIDAD PROVINCIAL DEL CUSCO
_cBIBLIOTECA MUNICIPAL DEL CUSCO
041 _hspa
082 _a303.372 / C76
_bC76
100 _aCondori Muñiz, Nancy
_949373
245 _aValores Andinos Identidad y Solidaridad de Salloc - Andahuaylillas Cusco /
260 _aCusco :
_bUniversidad Andina del Cusco,
_c2021
300 _a125 páginas. :
_c22 cm.
500 _zBibliografía: páginas 121-125
505 _aSalloc-Andahuaylillas -- Costumbres y población de Salloc -- Historia, evidencias arqueológicas, caminos con relación al Qollasuyo -- Identidad cultural -- Siembra de maíz -- Solidaridad,yanapacuy -- Chaqra y trabajo -- Valores andinos -- Lógica cultural en los pobladores de Salloc.
650 _aSalloc-Andahuaylillas
_949374
650 _aPoblación
_93673
650 _aCostumbres
_9230
650 _aRitos
_949375
650 _aReligión
_91195
650 _aMúsica
_91443
650 _aIdioma
_93027
650 _aSiembra de maíz
_949376
650 _aValores andinos
_949377
650 _aLógica andina.
_949378
942 _2ddc
_cLIBROS
945 _apbj
_d30-01-2024